00354nam a22001337a 4500003000400000008004100004020001800045082001200063100002000075245005300095250000900148260005500157300000800212OSt240423b |||||||| |||| 00| 0 eng d a9788122479270 a170 NAT aNAAGARAZAN, R S aTextbook on Professional Ethics and Human Values a 3rd aNew DelhibNew Age International Publishers c2023 a266